[Event "Foment Martinenc op-B 19st"]
[Site "Barcelona"]
[Date "2017.06.10"]
[Round "8.9"]
[White "Aguilo Cervera, Xavier"]
[Black "Ylla Soro, Rafael"]
[Result "0-1"]
[WhiteElo "1674"]
[BlackElo "1603"]
[PlyCount "75"]
[EventDate "2017.04.22"]
[EventType "swiss"]
[EventRounds "9"]
[EventCountry "ESP"]
[SourceTitle "EXT 2024"]
[Source "ChessBase"]
[SourceDate "2023.10.10"]
[SourceVersion "1"]
[SourceVersionDate "2023.10.10"]
[SourceQuality "1"]

1. f4 d5 2. e3 f5 3. Nf3 Nf6 4. b3 Nc6 5. Bb5 Bd7 6. Bb2 e6 7. h3 Bd6 8. d3 a6 9. Bxc6 Bxc6 10. Nbd2 0-0 11. 0-0 Bc5 12. Qe1 b5 13. Nd4 Bd7 14. N2f3 Qe8 15. Ne5 Bb6 16. Ba3 c5 17. Ndf3 b4 18. Bb2 Bb5 19. a4 bxa3 20. Bxa3 Qc8 21. c4 dxc4 22. dxc4 Be8 23. Bb2 a5 24. Qc3 a4 25. bxa4 Bxa4 26. Qd3 Rd8 27. Qe2 Ne4 28. Qe1 Ba5 29. Qh4 Be8 30. Qe7 Bc3 31. Rxa8 Qxa8 32. Qxe6+ Kh8 33. Bxc3 Nxc3 34. Ng5 Rd2 35. Ngf7+ Bxf7 36. Nxf7+ Kg8 37. Nh6+ Kh8 38. Nxf5 0-1

[Event "Foment Martinenc op-B 16th"]
[Site "Barcelona"]
[Date "2014.06.21"]
[Round "9"]
[White "Aguilo Cervera, Xavier"]
[Black "Torralba Brosa, Marc"]
[Result "0-1"]
[WhiteElo "1858"]
[BlackElo "1878"]
[PlyCount "46"]
[EventDate "2014.04.26"]
[EventType "swiss"]
[EventRounds "9"]
[EventCountry "ESP"]
[SourceTitle "EXT 2015"]
[Source "ChessBase"]
[SourceDate "2014.11.20"]
[SourceVersion "1"]
[SourceVersionDate "2014.11.20"]
[SourceQuality "1"]

1. d4 Nf6 2. Nf3 d5 3. Bf4 c6 4. e3 Bf5 5. Bd3 Bxd3 6. Qxd3 e6 7. Nbd2 Nbd7 8. h3 Be7 9. 0-0 0-0 10. Rfe1 c5 11. c3 cxd4 12. cxd4 Bb4 13. Bg5 h6 14. Bxf6 Nxf6 15. a3 Ba5 16. Rac1 Ne4 17. b4 Nxd2 18. Nxd2 Bc7 19. Rc2 Qd6 20. Nf1 Rac8 21. Rec1 Rfe8 22. Qb5 Qe7 23. Qxb7 Bh2+ 0-1

[Event "Foment Martinenc op-B 16th"]
[Site "Barcelona"]
[Date "2014.05.17"]
[Round "4"]
[White "Marzo Pie, Xavier"]
[Black "Aguilo Cervera, Xavier"]
[Result "1-0"]
[WhiteElo "1942"]
[BlackElo "1858"]
[PlyCount "76"]
[EventDate "2014.04.26"]
[EventType "swiss"]
[EventRounds "9"]
[EventCountry "ESP"]
[SourceTitle "EXT 2015"]
[Source "ChessBase"]
[SourceDate "2014.11.20"]
[SourceVersion "1"]
[SourceVersionDate "2014.11.20"]
[SourceQuality "1"]

1. d4 d5 2. c4 c6 3. Nc3 Nf6 4. Bg5 e6 5. e3 Nbd7 6. Bd3 Be7 7. Nf3 dxc4 8. Bxc4 Nd5 9. Bxe7 Qxe7 10. 0-0 0-0 11. Re1 Qb4 12. Qb3 Qxb3 13. Bxb3 Nxc3 14. bxc3 b6 15. Rad1 Bb7 16. e4 Rfd8 17. h3 h6 18. e5 Kf8 19. Nd2 c5 20. Nc4 Bd5 21. Nd6 Bxb3 22. axb3 Ke7 23. f4 cxd4 24. cxd4 Nf8 25. f5 Rd7 26. Rf1 a5 27. f6+ gxf6 28. Rxf6 Rxd6 29. Rdf1 Rxd4 30. Rxf7+ Kd8 31. Rxf8+ Kc7 32. Rxa8 Kb7 33. Re8 Rd3 34. Rb1 Rd4 35. Rxe6 Rb4 36. Rxh6 a4 37. Rh7+ Ka6 38. Ra1 b5 1-0